LEADER 01176nam0-22003491i-450- 001 990004391620403321 005 20051108122241.0 010 $a1-930561-02-4 035 $a000439162 035 $aFED01000439162 035 $a(Aleph)000439162FED01 035 $a000439162 100 $a19990604d2000----km-y0itay50------ba 101 0 $aeng 102 $aUS 105 $aa-------001yy 200 1 $a<>Villa of the Mysteries in Pompeii$eancient ritual, modern muse$feditor Elaine K. Gazda$gwith the assistance of Catherine Hammer, Brenda Longfellow, Molly Swetnam-Burland 210 $aAnn Arbor$cThe Kelsey Museum of archaeology and The University of Michigan Museum of art$d2000 215 $aXIII, 262 p.$cill.$d28 cm 610 0 $aPitture murali$aPompei$aVilla dei Misteri 676 $a759.9377$v21$zita 702 1$aGazda,$bElaine K. 702 1$aHammer,$bCatherine 702 1$aLongfellow,$bBrenda 702 1$aSwetnam-Burland,$bMolly 801 0$aIT$bUNINA$gRICA$2UNIMARC 901 $aBK 912 $a990004391620403321 952 $a759.93 GAZ 1$fFLFBC 959 $aFLFBC 996 $aVilla of the Mysteries in Pompeii$9542306 997 $aUNINA LEADER 03198oam 2200901zu 450 001 9910693524003321 005 20251017110121.0 035 $a(CKB)3450000000002034 035 $a(SSID)ssj0000620919 035 $a(PQKBManifestationID)11377822 035 $a(PQKBTitleCode)TC0000620919 035 $a(PQKBWorkID)10616108 035 $a(PQKB)21033922 035 $a(WaSeSS)Innodata00030308 035 $a(OCoLC)46636689 035 9 $aocm46636689 035 $a(OCoLC)993450000000002034 035 $a(DNLM)1143016 035 $a(EXLCZ)993450000000002034 100 $a20160829d2001 uy 101 0 $aeng 135 $aur||||||||||| 181 $ctxt 182 $cc 183 $acr 200 10$aAnesthesia management during cataract surgery 210 31$a[Place of publication not identified]$cU S Dept of Health and Human Services Public Health Service Agency for Healthcare Research and Q$d2001 215 $a1 online resource 225 1 $aEvidence Reports/Technology Assessments ;$vno. 16 225 1 $aAHRQ publication ;$vno. 01-E017 300 $aBibliographic Level Mode of Issuance: Monograph 320 $aIncludes bibliographical references. 410 0$aEvidence report/technology assessment ;$vno. 16. 410 0$aAHRQ publication ;$vno. 01-E017. 606 $aInvestigative Techniques 606 $aAnesthesia 606 $aHealth Care Evaluation Mechanisms 606 $aRefractive Surgical Procedures 606 $aQuality of Health Care 606 $aOphthalmologic Surgical Procedures 606 $aDiagnostic Techniques and Procedures 606 $aAnesthesia and Analgesia 606 $aHealth Care Quality, Access, and Evaluation 606 $aSurgical Procedures, Operative 606 $aDelivery of Health Care 606 $aAnesthesia, Conduction 606 $aCataract Extraction 606 $aEvaluation Studies as Topic 606 $aMedicine$2HILCC 606 $aHealth & Biological Sciences$2HILCC 606 $aOphthalmology & Optometry$2HILCC 615 2$aInvestigative Techniques. 615 2$aAnesthesia. 615 2$aHealth Care Evaluation Mechanisms. 615 2$aRefractive Surgical Procedures. 615 2$aQuality of Health Care. 615 2$aOphthalmologic Surgical Procedures. 615 2$aDiagnostic Techniques and Procedures. 615 2$aAnesthesia and Analgesia. 615 2$aHealth Care Quality, Access, and Evaluation. 615 2$aSurgical Procedures, Operative. 615 2$aDelivery of Health Care. 615 2$aAnesthesia, Conduction. 615 2$aCataract Extraction. 615 2$aEvaluation Studies as Topic. 615 7$aMedicine 615 7$aHealth & Biological Sciences 615 7$aOphthalmology & Optometry 700 $aSchein$b Oliver D.$01351400 702 $aFriedman$b David S. 702 $aFleisher$b Lee A. 712 02$aUnited States.$bAgency for Healthcare Research and Quality. 712 02$aJohns Hopkins University.$bEvidence-based Practice Center. 801 0$bPQKB 906 $aBOOK 912 $a9910693524003321 996 $aAnesthesia management during cataract surgery$93103854 997 $aUNINA